UM Logo

The impact of sugar cane production to the residents of Hagonoy, Davao del Sur/ (Record no. 1879)

MARC details
000 -LEADER
fixed length control field 00621nam a22001577a 4500
008 - FIXED-LENGTH DATA ELEMENTS--GENERAL INFORMATION
fixed length control field 160420b xxu||||| |||| 00| 0 eng d
082 ## - DEWEY DECIMAL CLASSIFICATION NUMBER
Edition number 2011
Classification number UT 0266
Item number Or21
100 ## - MAIN ENTRY--PERSONAL NAME
9 (RLIN) 5992
Personal name Ordaneza, Mark Ryan S.
245 ## - TITLE STATEMENT
Title The impact of sugar cane production to the residents of Hagonoy, Davao del Sur/
Statement of responsibility, etc. Mark Ryan S. Ordaneza, Jovelyn S. Hismaña and Loui Davidon.
260 ## - PUBLICATION, DISTRIBUTION, ETC. (IMPRINT)
Place of publication, distribution, etc. Digos City:
Name of publisher, distributor, etc. UMDC
Date of publication, distribution, etc. March 2011.
300 ## - PHYSICAL DESCRIPTION
Extent 46 pages;
Dimensions 28 cm.
650 #0 - SUBJECT ADDED ENTRY--TOPICAL TERM
9 (RLIN) 6001
Topical term or geographic name as entry element Business Adminstration
Form subdivision Financial Management
General subdivision Undergraduate thesis.
700 ## - ADDED ENTRY--PERSONAL NAME
9 (RLIN) 6002
Personal name Hismaña, Jovelyn S.
700 ## - ADDED ENTRY--PERSONAL NAME
9 (RLIN) 6003
Personal name Davidon Loui.
942 ## - ADDED ENTRY ELEMENTS (KOHA)
Source of classification or shelving scheme Dewey Decimal Classification
Koha item type Undergraduate Thesis
Holdings
Withdrawn status Lost status Source of classification or shelving scheme Damaged status Not for loan Home library Current library Date acquired Total Checkouts Full call number Barcode Date last seen Price effective from Koha item type
    Dewey Decimal Classification     UM Digos College - LIC UM Digos College - LIC 04/27/2016   UT 0266 Or21 2011 UT0266 04/27/2016 04/27/2016 Undergraduate Thesis